| 000 | 00968nam a22002777a 4500 | ||
|---|---|---|---|
| 003 | OSt | ||
| 005 | 20220421131044.0 | ||
| 008 | 140402b xxu||||| |||| 00| 0 eng d | ||
| 020 | _a9789699982002 (pbk) | ||
| 038 | _aMuhammad Ibrahim | ||
| 040 | _a1 | ||
| 082 |
_a355.02170954 _bYAM 2014 |
||
| 100 |
_aYamin, Tughral _91533 |
||
| 245 |
_aThe Evolution of Nuclear Deterrence in South Asia _bTughral Yamin PhD |
||
| 260 |
_aIslamabad _bService Book Club _c2014 |
||
| 300 |
_a vii,272 p. _c22 cm. |
||
| 563 | _aP.B | ||
| 650 |
_aStrategic Stability _991154 |
||
| 650 |
_aNuclear Deterrence during Cold War _991155 |
||
| 650 |
_aArms Control & Disarmament _991156 |
||
| 650 |
_aThe Nature of Indo Pakistan Conflict _991157 |
||
| 650 |
_aIndia-Pakistan Tensions in the Nuclear Age _991158 |
||
| 650 |
_aThe Strategic Culture of the South Asia _991159 |
||
| 650 |
_aState of Strategic Stability in South Asia & Prospects for the Future _991160 |
||
| 942 |
_2ddc _cBK |
||
| 999 |
_c589314 _d589314 |
||